000 01848nas a2200277Ia 4500
001 R050-S0522
003 IT-CnALBA
008 170116c99999999xx |||||||||||| ||und||
040 _aIT-CnALBA
_cIT-CnALBA
041 _aITALIANO
100 _aDE GUBERNATIS A.
210 _aLA NUOVA ANTOLOGIA
222 _aLA NUOVA ANTOLOGIA
245 0 _aLA NUOVA ANTOLOGIA. MAGGIO GIUGNO 1880. SERIE II. VOLUME XXI. SCIENZE LETTERE ARTI.
250 _a1a ed.
260 _a ROMA
_bTIPOGRAFIA BARBERA
_c1880 [1° Ed.:1880 - Ed.Ling.Originale: 1880]
300 _a800 p.
310 _aVARIA
362 _aFascicolo: 9-12 / (1880)
500 _aBONGHI, SPARTACO. FISICA CONTRO METAFISICA, FABRI. LETTERATURA ZULU''. LIBRO DI T. MIANI SULLA RELIGIONE. IMPERIA, ROMANZO STORICO SECOLO XVI, DELLA GATTIONA PETRUCCELLI. STATO BANCHIERE IN ITALIA E CASSE DI RISPARMIO, LUZZATI L. SITUAZIONE MILITARE AUSTRIA UNGHERIA IN RAPPORTO ALL'ITALIA, ZAVATTARI G. RASSEGNA POLITICA. CONDIZIONI DEL MINISTERO IN FACCIA ALLA CAMERA. INCONVENIENTI ALTRE CRISI MINISTERIALI. INUTILITÀ NUOVE ELEZIONI. DISCUSSIONE BILANCIO GUERRA. BOLLETTINO BIBLIOGRAFICO.
501 _aSocietà San Paolo EM - Piazza San Paolo, 14 - 12051 ALBA (CN) (non commercial uses only) ® Copyright 2017
520 _aBONGHI, SPARTACO. FISICA CONTRO METAFISICA, FABRI. LETTERATURA ZULU''. LIBRO DI T. MIANI SULLA RELIGIONE. IMPERIA, ROMANZO STORICO SECOLO XVI, DELLA GATTIONA PETRUCCELLI. STATO BANCHIERE IN ITALIA E CASSE DI RISPARMIO, LUZZATI L. SITUAZIONE MILITARE AUSTRIA UNGHERIA IN RAPPORTO ALL'ITALIA, ZAVATTARI G. RASSEGNA POLITICA. CONDIZIONI DEL MINISTERO IN FACCIA ALLA CAMERA. INCONVENIENTI ALTRE CRISI MINISTERIALI. INUTILITÀ NUOVE ELEZIONI. DISCUSSIONE BILANCIO GUERRA. BOLLETTINO BIBLIOGRAFICO.
650 _aLETTERATURA - SCIENZA - ARTE
942 _cCR
957 _71
999 _a62088
_bSI
_g1
_c329114
_d329114